| 000 | 00479nam a2200169Ia 4500 | ||
|---|---|---|---|
| 008 | 230917s9999||||xx |||||||||||||| ||und|| | ||
| 020 | _cRS 1125.00 | ||
| 040 |
_e5003472 _aMAIN |
||
| 041 | _aEnglish | ||
| 082 | _a621.815 J181D | ||
| 100 | _aJagadeesha, T | ||
| 245 | 0 | _aDesign of machine elements: A first course | |
| 260 |
_aHyderabad _bUniversities Press (India) _c2018 |
||
| 300 | _axi, 1159 p. | ||
| 500 | _a4507 27/01/2022 HBD22/9270 28/02/2022 Main Budget | ||
| 942 | _cBK | ||
| 999 |
_c5276 _d5276 |
||